| 000 | 01562cam a2200361 a 4500 | ||
|---|---|---|---|
| 001 | EDZ0000018998 | ||
| 003 | StDuBDS | ||
| 005 | 20161031105122.0 | ||
| 006 | m||||||||d|||||||| | ||
| 007 | cr ||||||||||| | ||
| 008 | 110107s2004 caua fo 001|0|eng d | ||
| 020 |
_a9781412952569 (ebook) : _cNo price |
||
| 040 |
_aStDuBDS _beng _cStDuBDS _epn |
||
| 049 | _aAlfaisal Main Library | ||
| 050 | 4 | _aHV4493 | |
| 082 | 0 | 4 |
_a362.503 _222 |
| 245 | 0 | 0 |
_aEncyclopedia of homelessness _h[electronic resource] / _ceditor, David Levinson. |
| 260 |
_aThousand Oaks, Calif. ; _aLondon : _bSAGE, _c2004. |
||
| 300 |
_a1 online resource (2 v. (xxx, 886 p.)) : _bill. |
||
| 500 | _a"A Berkshire Reference work." | ||
| 520 | 8 | _aThe 'Encyclopedia of Homelessness' is the first systematic effort to organize and summarize what we know about this complex topic which impacts not only on the homeless but all of society. The title focuses on the current situation in the United States with a comparative sampling of homelessness around the world. | |
| 521 | _aSpecialized. | ||
| 588 | _aDescription based on print version record. | ||
| 504 | _aIncludes bibliographical references and index. | ||
| 650 | 0 |
_aHomelessness _vEncyclopedias. |
|
| 650 | 0 |
_aHomelessness _zUnited States _vEncyclopedias. |
|
| 655 | 7 |
_aElectronic books. _2local |
|
| 700 | 1 |
_aLevinson, David, _d1947- |
|
| 710 | 2 | _aSage eBooks | |
| 776 | 0 | 8 |
_iPrint version : _z9780761927518 |
| 856 | 4 | 0 | _uhttp://ezproxy.alfaisal.edu/login?url=http://sk.sagepub.com/reference/homelessness |
| 942 |
_2lcc _cEBOOKS |
||
| 999 |
_c479694 _d479694 |
||